100 największych miast w Stanach Zjednoczonych z mapą - Statystyki

Ogólne statystyki
  • Ten quiz został rozwiązany 624 razy
  • Średni wynik to 32 z 100
Odpowiedzi na mapie
Odpowiedzi zakodowano w zielono-czerwonej skali na mapie do tego quizu, zgodnie z poniższymi procentami.
 
Statystyki odpowiedzi
Populacja Miasto % Poprawnych
8,258,035 Nowy Jork
98%
3,820,914 Los Angeles
97%
2,664,452 Chicago
94%
455,924 Miami
93%
678,972 Waszyngton
92%
660,929 Las Vegas
85%
653,833 Boston
83%
808,988 San Francisco
83%
1,302,868 Dallas
80%
755,078 Seattle
80%
2,314,157 Houston
78%
1,550,542 Filadelfia
71%
633,218 Detroit
69%
510,823 Atlanta
68%
716,577 Denver
67%
1,650,070 Phoenix
65%
1,388,320 San Diego
65%
364,136 Nowy Orlean
64%
341,778 Honolulu
63%
979,882 Austin
62%
879,293 Indianapolis
61%
630,498 Portland
59%
1,495,295 San Antonio
59%
702,767 Oklahoma City
55%
510,704 Kansas City
54%
320,742 Orlando
54%
526,384 Sacramento
50%
425,115 Minneapolis
47%
985,843 Jacksonville
45%
911,311 Charlotte
44%
969,655 San José
43%
403,364 Tampa
43%
286,075 Anchorage
40%
362,656 Cleveland
39%
560,274 Albuquerque
38%
561,385 Milwaukee
38%
687,788 Nashville
38%
565,239 Baltimore
36%
913,175 Columbus
36%
618,639 Memphis
35%
281,754 St. Louis
34%
678,958 El Paso
33%
303,255 Pittsburgh
33%
311,097 Cincinnati
31%
274,678 Buffalo
30%
978,468 Fort Worth
29%
622,981 Louisville
25%
483,335 Omaha
24%
229,247 Richmond
24%
304,960 Newark
23%
235,421 Boise
22%
547,239 Tucson
22%
436,504 Oakland
21%
488,664 Colorado Springs
19%
274,915 Reno
19%
411,894 Tulsa
19%
545,716 Fresno
16%
396,119 Wichita
16%
303,820 St. Paul
15%
316,595 Corpus Christi
14%
294,757 Lincoln
13%
482,295 Raleigh
13%
229,447 Spokane
13%
449,468 Long Beach
12%
230,930 Norfolk
12%
265,304 Toledo
12%
453,649 Virginia Beach
12%
291,657 Jersey City
11%
263,553 St. Petersburg
11%
413,381 Bakersfield
10%
319,543 Stockton
10%
340,512 Anaheim
9%
280,305 Madison
9%
511,648 Mesa
9%
398,431 Arlington
8%
320,154 Lexington
8%
284,771 North Las Vegas
8%
395,052 Aurora
7%
302,296 Greensboro
7%
266,878 Lubbock
7%
310,539 Santa Ana
7%
274,333 Chula Vista
6%
269,994 Fort Wayne
6%
257,602 Laredo
6%
296,186 Durham
4%
226,208 Fremont
4%
337,305 Henderson
4%
225,564 Huntsville
4%
314,621 Irvine
4%
290,190 Plano
4%
318,858 Riverside
4%
280,167 Chandler
3%
253,886 Chesapeake
3%
275,411 Gilbert
3%
253,855 Glendale
3%
254,373 Irving
3%
244,394 Scottsdale
3%
252,975 Winston-Salem
3%
243,470 Garland
2%
245,021 Port St. Lucie
1%
Nie znaleziono quizów pasujących do podanych kryteriów
Rozkład punktacji
Procent ludzi z każdym wynikiem
Percentyl według liczby udzielonych odpowiedzi
Twoja historia wyników
Nie rozwiązałeś tego quizu